000 01153nam0a22002531 4500
001 rc\4824182
005 20260513155156.0
021 _aRU
_b[63-54579]
035 _a(NLR Aleph) 008802495
090 _a8110598
_c8110598
100 _a20130426d1963 u y0rusy50 ca
101 0 _arus
102 _aRU
105 _aa z |||||
200 1 _aИсследование процессов и разработка новых методов рафинации и гидрогенизации жиров и масел
_eДоклад по совокупности выполн. работ на соискание учен. степени доктора техн. наук
_fМ-во высш. и сред. спец. образования РСФСР. Моск. технол. ин-т пищевой пром-сти
210 _aМосква
_cБ. и.
_d1963
215 _a46 с.
_cил.
_d22
700 1 _7ca
_8rus
_aШмидт
_bА. А.
_cд-р техн. наук
_gАрон Анисимович
_92708770
_3RU\NLR\AUTH\770293551
801 0 _aRU
_bNLR
_gpsbo
801 1 _aRU
_bELAR
_2rusmarc
852 _aNLR
_j63-6/9904
942 _cBOOK
980 _aNB